| 000 | 00928nam a2200229Ii 4500 | ||
|---|---|---|---|
| 003 | JO-AjNU | ||
| 008 | 230605s9999||||xx |||||||||||||| ||und|| | ||
| 017 | _a21666 | ||
| 020 | _a977-05-2645-2 | ||
| 040 |
_aJO-AjNU _bara _erda _cJO-AjNU |
||
| 041 | _aara | ||
| 050 | 1 | 4 | _aBJ1725.K438 2010 |
| 100 | 3 |
_aإعداد: الخطيب، عبد الرحمن, _eauthor _952990 |
|
| 245 | 0 | 0 | _aالأخلاق المهنية ومواثيقها وعلاقتها بالعمل رؤية نظرية تحليلية لواجبات العامل المهنية من المنظور الإجتماعي |
| 250 | _aط1 | ||
| 264 | 3 | 1 | _aالقاهرة: مكتبة الأنجلو المصرية، 2010 |
| 300 | _a220ص | ||
| 336 |
_atext _btxt _2rdacontent |
||
| 337 |
_aunmediated _bn _2rdamedia |
||
| 338 |
_avolume _bnc _2rdacarrier |
||
| 650 | 4 |
_aالاخلاق المهنية- الاخلاق الادارية- ادارة الاعمال _952991 |
|
| 999 |
_aA23506 _c27074 _d27074 |
||